01266nam a2200205 a 4500008004100000020001800041041000800059092001600067100002600083245004100109250001100150260004000161300002200201500008300223505048800306655001700794942001300811999001500824952022100839161215t2014 ag |||g |||| 00| f spa d a9789500746601 aspa c863l3sALL1 aAllende, Isabel93210 3aEl juego de Ripper /cIsabel Allende a1a ed. aBuenos Aires:bSudamericana;c2014. a480 p.c23x16 cm. aAllende, I. (2014). El juego de Ripper. (1a ed.). Buenos Aires : Sudamericana. a"Mi madre todavía está viva, pero la matarán el Viernes Santo a medianoche", le advirtió Amanda Martín al inspector jefe y epeste no lo uso en duda, porque la chica había dado pruebas de saber más que él y todo sus colegas del Departamento de Homicidios. La mujer estaba cautiva en algún punto de los dieciocho mil kilómetros cuadrado de la había de San Francisco, tenían pocas horas para encontrarla con vida y él no sabía por dónde empezar a buscarla. aNovela93091 2ddccLIT c3308d3308 00102ddc4070aBFMbBFMcCRd2025-09-22eDonación Guerra, Valeria. Septiembre 2025.l1o863 3 ALLp5113r2026-04-07s2026-03-17tEj. 1w2025-09-22yLITzDonación Guerra, Valeria. Septiembre 2025. Sede Tordos.f